Feminist translation studies. Local and transnational perspectives.
Đã lưu trong:
| Tác giả khác: | , |
|---|---|
| Định dạng: | Không biết |
| Được phát hành: |
Oxfordshire,United Kingdom:
Routledge Taylor & Francis Group,
2019.
|
| Phiên bản: | First issued in paperback. |
| Loạt: | Routledge Advances in Translation and Interpreting Studies,
20. |
| Những chủ đề: | |
| Các nhãn: |
Thêm thẻ
Không có thẻ, Là người đầu tiên thẻ bản ghi này!
|
MARC
| LEADER | 00000 a2200000 4500 | ||
|---|---|---|---|
| 003 | CL-VaPUC | ||
| 005 | 20230102140200.0 | ||
| 008 | 221220t2019 ||||| |||| 00| 0 eng d | ||
| 999 | |c 439464 |d 439462 | ||
| 020 | |a 978-0367365813 | ||
| 040 | |c Pontificia Universidad Católica de Valparaíso | ||
| 082 | 7 | |a 418.02082 CAS 2019 |2 22 | |
| 100 | |a Castro, Olga |9 878669 |e editor | ||
| 245 | |a Feminist translation studies. |b Local and transnational perspectives. | ||
| 250 | |a First issued in paperback. | ||
| 260 | |a Oxfordshire,United Kingdom: |b Routledge Taylor & Francis Group, |c 2019. | ||
| 300 | |a 281 páginas. | ||
| 490 | |a Routledge Advances in Translation and Interpreting Studies, |n |v 20. | ||
| 583 | |k GC |c 20221220 | ||
| 650 | 0 | |a Traducción e interpretación |9 315998 |x Aspectos políticos | |
| 650 | 0 | |a Mujeres traductoras |x Aspectos políticos |9 879462 | |
| 650 | 0 | |a Estudios de la mujer |x Aspectos políticos |9 879463 | |
| 700 | |a Ergun, Emek |e editor |9 879464 | ||
| 942 | |2 ddc |c BK | ||
| 952 | |0 0 |1 0 |2 ddc |4 0 |6 418_020820000000000_CAS_2019 |7 0 |8 A |9 588371 |a BIBEDU |b BIBEDU |c GEN |d 2022-12-19 |e 74 |g 62371.00 |i 5656159 |o 418.02082 CAS 2019 |p 5656159 |r 2022-12-19 |t 1 |v 62371.00 |w 2022-12-19 |y BK |k LIT | ||